Jusqu'où irez vous ? #23 (Culture Générale) - Statistiques

Statistiques générales
  • Ce quiz a été pris 187 fois
  • Le résultat moyen est 20 sur 60
Statistiques - réponses
Hint Réponse % Correct
Donnez une des 3 propositions désignant une oeuvre de Léonard de Vinci A - Le Christ chassant les marchands du temple B - La Dame à l'hermine C - La Fuite en Egypte D - La Joconde E - Saint Jean Baptiste F - Saint Pierre en prison BDE
100%
Donnez une des 3 propositions désignant une presse quotidienne nationale française payante
A - L'Équipe
B - Le Figaro C - Le Monde D - Marianne E - Paris Match F - Rivarol
ABC
97%
Donnez une des 3 propositions désignant en anglais une classe dans un avion A - Business Class B - Economic Class C - Executive Class D - First Class E - Sky Lounge Class F - Smart Class ABD
97%
Donnez une des 3 propositions désignant un pays où s'est rendu Indiana Jones durant un des trois premiers films de la saga (le survol en avion ne compte pas) A - Allemagne B - Brésil C - Chine D - Danemark E - Egypte F - France ACE
97%
Donnez une des 3 propositions désignant un produit de maquillage pour les yeux A - Démêlant B - Dentifrice C - Ligneur D - Mascara E - Ombre à paupière F - Vernis CDE
97%
Donnez une des 3 propositions désignant un ancien sélectionneur de l'équipe de France de rugby à XV masculin A - André Boniface B - Bernard Laporte C - Guy Novès D - Jean-Pierre Rives E - Philippe Saint-André F - Serge Blanco BCE
96%
Donnez une des 3 propositions désignant un(e) gagnant(e) du télé crochet Star Academy en France A - Anisha Jo B - Bastiaan Van Leeuwen C - Cyril Cinélu D - Djebril Slatni E - Élodie Frégé F - Francesca Antoniotti ACE
95%
Donnez une des 3 propositions désignant un personnage du dessin animé Les Simpson A - Francine Smith B - Ned Flanders C - Ozob le clown D - Roger l'extraterrestre E - Seymour Skinner F - Tahiti Bob BEF
93%
Donnez une des 3 propositions désignant un pays actuel qui a fait partie de l'Empire Romain A - Autriche B - Bulgarie C - Estonie D - Irlande E - Norvège F - Slovénie ABF
92%
Donnez une des 3 propositions désignant une partie du pied chez l'Homme A - Basioccipital B - Calcanéus C - Cochlée D - Métatarse E - Sacrum F - Tarse BDF
89%
Donnez une des 3 propositions désignant une oeuvre de Vincent Van Gogh A - Le bouleau de la clairière B - Le Café de nuit C - Le Moulin de la Galette D - Les Mangeurs de pommes de terre E - Les questeurs de la république F - Le Vase de Soissons BCD
84%
Donnez une des 3 propositions désignant une chaîne de télévision nationale anglaise (existante ou qui a existé) A - BBC One B - Channel 4 C - Mandalay News D - NBC E - Sky News F - TG4 ABE
83%
Donnez une des 3 propositions désignant une marque de pile alcaline A - Altix B - Bellarion C - Camelion D - Duracell E - Energizer F - Faptron CDE
80%
Donnez une des 3 propositions désignant un Concours de beauté qui a déjà été qualificatif pour une élection de Miss France A - Miss Crozet B - Miss Kerguelen C - Miss Marquises D - Miss Saint-Martin et Saint-Barthélemy E - Miss Saint-Pierre-et-Miquelon F - Miss Wallis-et-Futuna DEF
80%
Donnez une des 3 propositions désignant un pays où s'est rendu James Bond durant un film avec Pierce Brosnan
A - Azerbaïdjan
B - Bangladesh
C - Cuba
D - Djibouti
E - Equateur
F - Monaco
ACF
74%
Donnez une des 3 propositions désignant un ancien sélectionneur de l'équipe de France de basketball masculin A - Alain Weisz B - Hervé Dubuisson C - Jacques Monclar D - Michel Gomez E - Richard Dacoury F - Vincent Collet ADF
71%
Donnez une des 3 propositions désignant un(e) gagnant(e) du télé crochet Nouvelle Star en France A - Amandine Bourgeois B - Amel Bent C - Christophe Willem D - Emmanuel Moire E - Emji F - Ycare ACE
62%
Donnez une des 3 propositions désignant un personnage du film de Disney Cendrillon de 1950 en vf A - l'arlequin B - la belle au bois dormant C - le grand-duc D - la marâtre E - la marraine-fée F - le tapis volant CDE
59%
Donnez une des 3 propositions désignant un pays actuel qui a fait partie de l'Empire Ottoman A - Afghanistan B - Belarus C - Grèce D - Kenya E - Liban F - Turquie CEF
59%
Donnez une des 3 propositions désignant une partie de la bouche chez l'Homme A - Duodénum B - Ileum C - Jejunum D - Luette E - Oropharynx F - Palais DEF
59%
Donnez une des 3 propositions désignant une oeuvre de Salvador Dalí A - Dieu n'est pas un saint B - Dormeuse, cheval, lion invisibles C - Le Château des Pyrénées D - La Naissance intra-utérine E - La Trahison des images F - Siphon et bouteille de rhum avec bouchon BDF
54%
Donnez une des 3 propositions désignant une chaîne de télévision nationale allemande (actuelle ou ancienne) A - Achtung B - Das Erste C - Drehen D - LTS E - ProSieben F - ZDF BEF
47%
Donnez une des 3 propositions désignant une personnalité qui est ou a été une égérie de Dior pour le parfum J'adore A - Anne Hattaway B - Carmen Kass C - Charlize Theron D - Julia Roberts E - Rihanna F - Tina Fey BCE
38%
Donnez une des 3 propositions désignant une assurance obligatoire pour les entreprises en France en 2026 A - l'assurance auto professionnelle B - l'assurance dégâts mineurs C - l’assurance pertes d’exploitation D - la mutuelle collective E - la protection juridique professionnelle F - la responsabilité civile professionnelle ADF
29%
Donnez une des 3 propositions désignant un pays où s'est rendu Jason Bourne dans un des trois premiers films de la saga Bourne A - Allemagne B - France C - Inde D - Japon E - Nouvelle-Zélande F - Suriname ABC
23%
Donnez une des 3 propositions désignant un(e) ancien(ne) sélectionneur-se de l'équipe de France de handball féminin A - Alain Portes B - Carole Martin C - Hervé Lange D - Marie-Thérèse Bourasseau E - Olivier Krumbholz F - Viviane Lancelin ABE
20%
Donnez une des 3 propositions désignant un(e)/ des gagnant(e)s du télé crochet Popstars en France A - 2be3 B - Lorie Pester C - Linkup D - Quadricolor E - Sheryfa Luna F - Whatfor CEF
15%
Donnez une des 3 propositions désignant un personnage du dessin animé Les Malheurs de Sophie A - Anastasia Sophia Martinovich B - Bastien de Rothschild C - Camille de Fleurville D - le commandant de Rosbourg E - le duc de Joinville F - Fedora Marie Alexandrine Fichini CDF
11%
Donnez une des 3 propositions désignant un pays actuel qui a fait partie de l'Empire Byzantin A - Andorre B - Bulgarie C - Chypre D - Grèce E - Pakistan F - Yemen BCD
10%
Donnez une des 3 propositions désignant une partie du cerveau A - Colon sigmoïde B - Cortex C - Fosse ischio rectale D - Hippocampe E - Nadocéphale F - Thalamus BDF
10%
Donnez une des 3 propositions désignant une station de sports d'hiver des Vosges A - Artouste B - Camurac C - Gérardmer D - La Bresse Brabant E - La Planche des Belles Filles F - Les Angles CDE
8%
Donnez une des 3 propositions désignant un fait véritable sur Leon XIV A - il est le 167e pape de l'Église catholique B - il est le 267e pape de l'Église catholique C - il s'appelle Robert Francis Prevost D - il s'appelle Robert Dennis Legault E - il est né le 14 septembre 1945 F - il est né le 14 septembre 1955 BCF
7%
Donnez une des 3 propositions désignant une franchise de NHL se situant au Canada (Ligue nationale de hockey) A - Canucks B - Ducks C - Jets D - Kings E - Maple Leafs F - Stars ACE
6%
Donnez une des 3 propositions désignant un symptôme typique d'une Infection urinaire A - diarrhée B - douleur abdominale C - exanthème D - fièvre E - hématurie F - neuropathie BDE
6%
Donnez une des 3 propositions désignant un acteur qui a porté le costume de Ghostface dans la saga Scream (en clair qui a joué un tueur dans la saga Scream au cinéma)
A - Donald Pleasence B - Jack Quaid C - Jeffrey Combs D - Robert Englund E - Rory Culkin F - Timothy Olyphant
BEF
6%
Donnez une des 3 propositions désignant un homme condamné à mort par pendaison suite au procès de Nuremberg (1945-46) A - Alfred Jodl B - Erich Priebke C - Hans Frank D - Joachim von Ribbentrop E - Josef Mengele F - Wernher von Braun ACD
5%
Donnez une des 3 propositions désignant un cube parfait A - 109 B - 216 C - 343 D - 414 E - 512 F - 666 BCE
5%
Donnez une des 3 propositions désignant un nom de trou sur le parcours de golf d'Augusta, lieu du Masters et considéré comme le parcours préféré sur le circuit par les fans de golf américain A - Ave Maria B - Balsamina C - Camellia D - Golden Bell E - Magnolia F - Pebble Beach CDE
5%
Donnez une des 3 propositions désignant un synonyme de merveilleux A - admirable B - boniface C - congru D - divin E - efficace F - fantasmagorique ADF
4%
Donnez une des 3 propositions désignant une chanson présente dans le film Forrest Gump (1994) A - Angie (The Rolling Stones) B - Break on Through (To the Other Side) (The Doors) C - California Dreamin' (The Mamas & the Papas) D - Day Tripper (The Beatles) E - Ezy Ryder (Jimi Hendrix) F - Fortunate Son (Creedence Clearwater Revival) BCF
4%
Donnez une des 3 propositions désignant un ingrédient d'une bière blonde 1664 classique A - cannelle B - citron C - houblon D - malt d'orge E - sirop de glucose F - vanille CDE
4%
Donnez une des 3 propositions désignant un pays dont l'IDH était supérieur à celui de la France en 2023 (Indice de développement humain) A - Australie B - Bulgarie C - Costa Rica D - Danemark E - Égypte F - Finlande ADF
2%
Donnez une des 3 propositions désignant un personnage de la série TV Les Feux de l' Amour A - Alan Beck B - Danny Romalotti C - Glenn Mitchell D - Jack Abbott E - Michael Baldwin F - Trevor Collier BDE
2%
Donnez une des 3 propositions désignant une buteuse en finale de la coupe du Monde de Football féminine de 2015 A - Becky Sauerbrunn B - Carli Lloyd C - Hope Solo D - Lauren Holiday E - Kelley O'Hara F - Tobin Heath BDF
2%
Donnez une des 3 propositions désignant un médicament qui traite la Gastro-entérite A - aciclovir B - capsaïcine C - ciprofloxacine D - érythromycine E - ibuprofène F - Oxyde de zinc CDE
1%
Donnez une des 3 propositions désignant un roman de Marguerite Yourcenar
A - Alexis ou le Traité du vain combat B - Denier du rêve C - Les morts ont tous la même peau D - Mémoires d'Hadrien E - Et on tuera tous les affreux F - Vercoquin et le Plancton
ABD
0%
Donnez une des 3 propositions désignant le nom d'un spectacle de Jamel Debbouze A - 100 % Debbouze B - Bouse de lâche C - C'est tout neuf (ça sort de l'œuf) D - J'vous ai pas raconté ? E - Maintenant ou Jamel F - Pourquoi t'es là Jamel ? ACE
0%
Donnez une des 3 propositions désignant un titre d'épisode de la série TV Game of Thrones en vo A - A Golden Crown
B - Blind Faith C - Cripples, Bastards and Broken Things D - Delicate Things E - Eastwatch F - Forget Me Not
ACE
0%
Donnez une des 3 propositions désignant un dessert
A - Bilo-bilo B - Dubitzo C - Galaktoboúreko D - Merkwim E - Quindim F - Wirkschim
ACE
0%
Donnez une des 3 propositions désignant un nom de quartier de Los Angeles (un vrai quartier pas juste un commerce)
A - Little Armenia B - Little Bermuda C - Little Ethiopia D - Little Georgia E - Little Jakarta F - Little Tokyo
ACF
0%
Donnez une des 3 propositions désignant un animal ayant une espérance de vie moyenne nettement supérieure à au moins 3 des autres animaux
A - Cheval B - Chien C - Éléphant D - Hamster E - Lapin F - Perroquet
ACF
0%
Donnez une des 3 propositions désignant un nom de commune en France se trouvant sur le littoral Atlantique (golfe compris) A - Arès B - Cucq C - Elne D - Ersa E - Séné F - Yves
AEF
0%
Donnez une des 3 propositions désignant des personnages récurrents des petites annonces d'Elie Semoun
A - Amy et Sandy B - Demonio & Satania C - Les Mendoza D - Les Rodriguez E - Toufika & Rachida F - Ulrich et Friedrich
BDE
0%
Donnez une des 3 propositions désignant une femme qui a été une conjointe de l'essayiste Raphaël Enthoven A - Adèle Exarchopoulos B - Carla Bruni C - Florence Arthaud D - Justine Lévy E - Karen Mulder F - Maud Fontenoy BDF
0%
Donnez une des 3 propositions désignant un nom de dinosaure qui tue un humain dans le premier film Jurassic Park (1993) A - Brachiosaurus B - Dilophosaurus C - Gallimimus D - Triceratops E - Tyrannosaurus rex F - Velociraptor BEF
0%
Donnez une des 3 propositions désignant un personnage de la série TV La Petite Histoire de France
A - Albert de Limoges B - Comtesse Marie-Louise de Roche Saint-Pierre C - Duc Daniel de la Traginière D - Edmond Rastignac E - Jean Plancher F - Ysabeau d'Arc
BEF
0%
Donnez une des 3 propositions désignant un engin utilisé en gymnastique rythmique (GR)
A - les barres asymétriques B - le cheval d'arçons C - le cerceau D - les massues E - la poutre F - le ruban
CDF
0%
Donnez une des 3 propositions désignant des paroles présentes dans la chanson de Gims (feat. Niska) Sapés comme jamais
A - 4-4-2, elle a trop d'kilomètres au compteur B - Financièrement, elle sait qu'on est big C - J'suis Congolais, tu vois j'veux dire ? D - Oh-la-la, laisse tomber, j'suis dans un del-bor E - Sauf les mecs sapés en Balmain F - Un café sans sucre, j'en ai plein sur l'dos
CEF
0%
Donnez une des 3 propositions désignant des barres chocolatées en version miniature se trouvant dans une boîte commercialisée de Célébrations en France en 2025 (ce sont les plus vendues par le groupe Mars qui sont sélectionnées dans cet assortiment) A - Balisto B - Crunch C - Kit Kat D - Milky Way E - Snickers F - Twix DEF
0%
Donnez une des 3 propositions vraies A - Alain Soral est né en Suisse B - Bruno Retailleau est né en Tunisie C - Éric Zemmour est né en Algérie D - Jean-Luc Mélenchon est né au Maroc E - Manuel Valls est né en Espagne F - Ségolène Royal est née au Sénégal DEF
0%
Aucun quiz correspondant
Distribution des résultats
% des personnes avec chaque résultat
Percentile par nombre de réponses
Votre historique - résultats
Vous n’avez pas pris ce quiz